| 000 | 00650nam a2200217 a 4500 | ||
|---|---|---|---|
| 001 | 000038596 | ||
| 003 | DO-SdBNP | ||
| 005 | 20230301103347.0 | ||
| 007 | ta | ||
| 008 | 130416s1980 dr ac 000 0 spa d | ||
| 040 |
_aDO-SdBNP _bspa _cBNPHU |
||
| 082 |
_a917.293 _bR918t _222 |
||
| 100 | 1 |
_aRueda, Manuel _919958 |
|
| 245 | 1 | 0 |
_aTodo Santo Domingo / _cManuel Rueda |
| 260 |
_aSanto Domingo : _bFundación Dominicana de Desarrollo /, _cManuel Rueda _c1980. |
||
| 300 |
_a125 p. : _bil., rets. ; _c25 cm. |
||
| 590 | _aInventariado, 2023 / DG | ||
| 650 | 4 |
_aSanto Domingo (Ciudad) _xDescripción - Vistas _983152 |
|
| 910 | _aDG | ||
| 942 |
_2ddc _cLBS1 |
||
| 999 |
_c38086 _d38086 |
||